Detalles MARC
| 000 -LÍDER |
| Campo fijo de descripción fija |
02339aam a2200301 i 4500 |
| 001 - NÚMERO DE CONTROL |
| Campo de control |
768714001 |
| 003 - IDENTIFICADOR DEL NÚMERO DE CONTROL |
| Campo de control |
CO-MdFUSB |
| 005 - FECHA Y HORA DE LA ULTIMA TRANSACCIÓN |
| control field |
20240802123347.0 |
| 007 - CAMPO FIJO DE DESCRIPCIÓN FIJA--INFORMACIÓN GENERAL |
| Campo fijo de descripción fija |
ta |
| 008 - ELEMENTOS DE LONGITUD FIJA -- INFORMACIÓN GENERAL |
| Campo fijo de descripción fija -- Información general |
240802t2006 ck |||| |||| 00| 0 spa d |
| 020 ## - NÚMERO INTERNACIONAL NORMALIZADO PARA LIBROS |
| Número Internacional Normalizado del libro |
958-683-861-7 |
| 040 ## - FUENTE DE CATALOGACIÓN |
| Agencia que realiza la transcripción |
CO-MdFUSB |
| 041 0# - CÓDIGO DE IDIOMA |
| Código de idioma para texto/pista de sonido o título separado |
spa |
| 082 04 - NÚMERO DE CLASIFICACIÓN DECIMAL DEWEY |
| Número de clasificación |
261.8 |
| Número de la edición del Dewey |
23 |
| Clave de autor-Numero de item |
C3551 |
| 100 1# - ASIENTO PRINCIPAL--NOMBRE PERSONAL |
| Nombre personal |
Castro Quiroga, Luis Augusto |
| Término relacionador |
autor |
| 245 10 - TÍTULO |
| Título del Material |
Escenarios de reconciliación, desde una teología espiritual y desde un país en conflicto |
| Mención de responsabilidad, etc. |
/ Luis Augusto Castro Quiroga |
| 264 #1 - PRODUCCIÓN, PUBLICACIÓN, DISTRIBUCIÓN, MANUFACTURA, Y COPYRIGHT |
| Nombre del productor, publicador, distribuidor |
Pontificia Universidad Javeriana, |
| Lugar de producción, publicación, distribución, manufactura |
Bogotá, Colombia : |
| Fecha de producción, publicación, distribución, manufactura, o copyright |
[2006] |
| 264 #4 - PRODUCCIÓN, PUBLICACIÓN, DISTRIBUCIÓN, MANUFACTURA, Y COPYRIGHT |
| Fecha de producción, publicación, distribución, manufactura, o copyright |
©2006 |
| 300 ## - DESCRIPCIÓN FÍSICA |
| Extensión |
47 páginas |
| Dimensiones |
; 24 cm |
| 336 ## - TIPO DE CONTENIDO |
| Término de tipo de contenido |
texto |
| Código de tipo de contenido |
txt |
| Fuente |
rdacontent |
| 337 ## - TIPO DE MEDIO |
| Fuente |
rdamedia |
| Nombre del tipo de medio |
sin mediación |
| Código del tipo de medio |
n |
| 338 ## - TIPO DE SOPORTE |
| Fuente |
rdacarrier |
| Nombre del tipo de soporte |
volumen |
| Código Tipo de soporte |
nc |
| 505 ## - NOTA DE CONTENIDO |
| Información miscelánea |
Primer escenario: |
| Título |
La reconciliación desde arriba: |
| Nota de contenido con formato preestablecido |
Icono guía: el buen samaritano. -- La luz de Evangelio.<br/> |
| Información miscelánea |
Segundo escenario: |
| Título |
Reconciliación desde abajo:<br/> |
| Nota de contenido con formato preestablecido |
Icono guía: El hijo pródigo. -- Primer punto de partida: Reconciliación desde la victima. -- Segundo punto de partida: Reconciliación desde el victimario. -- Tercer punto de partida: Reconciliación desde la ideología. -- Cuarto punto de partida: Reconciliación desde el antitestimonio de la religión. -- Quinto punto de partida: Reconciliación desde la caridad. -- La luz del Evangelio.<br/> |
| Información miscelánea |
Tercer escenario: |
| Título |
Reconciliación desde adentro:<br/> |
| Nota de contenido con formato preestablecido |
Iconos guía: Encuentro con Esaú-Jacob. -- Encuentro con Jesús-Zaqueo. -- La luz de la Sagrada Escritura. |
| Información miscelánea |
Cuarto escenario: |
| Título |
Reconciliación desde afuera:<br/> |
| Nota de contenido con formato preestablecido |
Icono guía: Encuentro de Jesús y la Samaritana La luz del Evangelio<br/> |
| Información miscelánea |
Quinto escenario: |
| Título |
Reconciliación con el pasado: |
| Nota de contenido con formato preestablecido |
Icono guía: Encuentro de Jesús y discípulos de Emaús. -- La luz del Evangelio.<br/> |
| Información miscelánea |
Sexto escenario: |
| Título |
Reconciliación con el futuro. |
| Nota de contenido con formato preestablecido |
Icono guía: Diálogo entre Jesús y los fariseos sobre el sábado. -- La luz del Evangelio.<br/> |
| Información miscelánea |
Séptimo escenario: |
| Título |
Reconciliación exterior |
| Nota de contenido con formato preestablecido |
Icono guía: "Estaba entre los animales del campo y los ángeles le servían" (Mc 1,13). -- La luz del Evangelio.<br/> |
| Información miscelánea |
Octavo escenario: |
| Título |
Reconciliación interior: |
| Nota de contenido con formato preestablecido |
Icono guía: Jesús en el huerto de los Olivos. -- La luz del Evangelio. |
| 563 ## - NOTA DE ENCUADERNACIÓN |
| Nota de encuadernación |
Rústico |
| 650 #0 - ASIENTO SECUNDARIO DE MATERIA - TERMINO TEMÁTICO |
| Término temático o nombre geográfico como elemento de entrada |
Reconciliación |
| Término temático que sigue al nombre geográfico como elemento de entrada |
Aspectos políticos |
| Subdivisión geográfica |
Colombia |
| 9 (RLIN) |
147 |
| 942 ## - TIPO DE MATERIAL (KOHA) |
| Tipo de Item KOHA |
Libros General |
| 945 ## - INFORMACIÓN LOCAL DEL REGISTRO |
| Catalogador |
JTF-925 |